000 00592nam a2200217Ia 4500
005 20250428125738.0
008 250408s9999 xx 000 0 und d
037 _aReference
040 _aLCO
_beng
_cLCO
041 _aeng
_2eng
084 _aY12:4:5 Q9
_qLCO
100 _aPandey, Kumar Askand
_9753129
245 0 _aJuvenile Justice : A Commentary
_c Kumar Askand Pandey
250 _a1st
260 _aLucknow, India
_bEastern Book Company
_c2019
300 _a321
365 _aINR
_b645
650 _aLaw
942 _cREF
_hY12:4:5 Q9
999 _c1309444
_d1309444